Rozhovor a jednání člověka s člověkem - sociální komunikace ve zdravotnictví

Bibliographic Details
Main Author: Křivohlavý, Jaro, 1925-2014 (Author)
Format: Book
Language:Undetermined
PhysicalDescription:93 s.
Published: Praha Institut pro další vzdělávání lékařů a framceutů 1980

MARC

LEADER 00000nam a2200000 a 4500
001 vtls001267892
003 SK-MaSNL
005 20260301234610.0
008 240318s1980 xx 0 und
035 |a SNK000218884 
040 |a SNK  |b slo  |c SNK  |e AACR2 
100 1 |a Křivohlavý, Jaro,  |d 1925-2014  |4 aut  |9 179331 
245 1 0 |a Rozhovor a jednání člověka s člověkem - sociální komunikace ve zdravotnictví 
260 |a Praha  |b Institut pro další vzdělávání lékařů a framceutů  |c 1980 
300 |a 93 s. 
958 |a OND 
999 |c 970882  |d 972812 
952 |t P60, <04>, [BOOK], {604}  |a SNK  |b SNK  |y VYP  |7 0  |p 17A0023170  |o snkIB 44977 D1  |0 0  |1 1  |4 0  |d 1996-11-27  |l 0  |r 2005-01-01 00:00:00  |w 2026-02-24 
952 |t P60, <04>, [BOOK], {604}  |a SNK  |b SNK  |y VYP  |7 0  |p 17A0035498  |o snkIB 44977  |0 0  |1 0  |4 0  |d 1997-02-03  |l 0  |r 2005-01-01 00:00:00  |w 2026-02-24